000 00991nam a22002057a 4500
999 _c2422
_d2422
003 AR-CdUCM
008 190304b ||||| |||| 00| 0 spa d
040 _aMUNICIPALIDAD PROVINCIAL DEL CUSCO
_cBIBLIOTECA MUNICIPAL DEL CUSCO
082 _a352.982 /
_bI52
100 _aInfante, Felix
_98696
245 _aEl libro de los intendentes :
_bhistoria del laborioso hacer de los hombres que cimentaron, en el tiempo, esta ciudad de Jujuy /
260 _aArgentina :
_bMunicipalidad de San Salvador de Jujuy,
300 _a194 páginas ;
_bImágenes.
_c23.5 cm.
505 _aContenido: Los cabildos -- Presidentes municipales -- Intendentes municipales -- Intendentes municipales, elegidos por el pueblo, mediante elección directa -- Intendentes municipales, designados por el poder ejecutivo provincial, con acuerdo legislativo ...
650 _aSan Salvador de Jujuy
_98697
650 _aCabildos
_95645
650 _aInvestigación histórica
_98698
942 _2ddc
_cLIBROS
945 _aafb